[Event "CRO Champ"]
[Site "Valpovo"]
[Date "2017.04.25"]
[Round "1.1"]
[White "Jovanic, Ognjen"]
[Black "Martinovic, Sasa"]
[Result "1-0"]
[WhiteElo "2492"]
[BlackElo "2551"]
[PlyCount "191"]
[EventDate "2017.??.??"]

1. d4 Nf6 2. Nf3 e6 3. Bf4 c5 4. c3 Nc6 5. e3 d5 6. Nbd2 cxd4 7. exd4 Nh5 8.
Be3 Bd6 9. Ne5 g6 10. Ndf3 f6 11. Ng4 Ng7 12. Nh6 Nf5 13. Bd2 Qe7 14. Bd3 Bd7
15. Qe2 Nxh6 16. Bxh6 g5 17. h4 g4 18. Nd2 Rg8 19. Nf1 O-O-O 20. O-O-O Kb8 21.
Kb1 Qf7 22. Bc2 Ka8 23. Ng3 f5 24. Qd2 f4 25. Ne2 f3 26. gxf3 gxf3 27. Nf4 Rg4
28. Nd3 Rdg8 29. Bg5 Qh5 30. Rde1 h6 31. Bxh6 Rxh4 32. Rxh4 Qxh4 33. Bf4 Bxf4
34. Qxf4 Qxf4 35. Nxf4 Kb8 36. Bd1 Rf8 37. Nd3 Kc7 38. Re3 Kd6 39. Rxf3 Rxf3
40. Bxf3 Be8 41. Nf4 b5 42. a3 a5 43. b4 a4 44. Kc1 Ke7 45. Be2 Nd8 46. Nd3 Nb7
47. Ne5 Nd6 48. Bd3 Kf6 49. Kd2 Bh5 50. f3 Be8 51. Ke3 Kg5 52. Kf2 Kf4 53. Bf1
Kg5 54. Bh3 Kf6 55. Kg3 Nc8 56. Kf4 Nd6 57. Ng4+ Ke7 58. Bf1 Bh5 59. Bd3 Be8
60. Ne5 Kf6 61. Kg4 Nc8 62. Kh4 Nd6 63. Bc2 Nc8 64. Bb1 Nd6 65. Bd3 Nc8 66.
Ng4+ Kg7 67. Kg5 Nd6 68. Ne5 Bf7 69. f4 Kf8 70. f5 exf5 71. Bxf5 Ke7 72. Nc6+
Kf8 73. Bd3 Be8 74. Ne5 Ke7 75. Nf3 Bd7 76. Nh4 Nf7+ 77. Kg6 Nd6 78. Ng2 Be8+
79. Kg5 Bf7 80. Nf4 Bg8 81. Ng6+ Ke6 82. Nh4 Bf7 83. Nf5 Nxf5 84. Bxf5+ Ke7 85.
Bd3 Be8 86. Kf5 Kd6 87. Kf6 Bd7 88. Kf7 Kc6 89. Ke7 Bg4 90. Bg6 Be2 91. Kd8 Kd6
92. Bf5 Bf3 93. Kc8 Be2 94. Kb7 Bf1 95. Kb6 Bc4 96. Bc8 1-0

[Event "CRO Champ"]
[Site "Valpovo"]
[Date "2017.04.25"]
[Round "1.2"]
[White "Zelcic, Robert"]
[Black "Palac, Mladen"]
[Result "1/2-1/2"]
[WhiteElo "2500"]
[BlackElo "2573"]
[PlyCount "40"]
[EventDate "2017.??.??"]

1. Nf3 d5 2. d4 Nf6 3. e3 b6 4. c4 e6 5. Nc3 Bb7 6. cxd5 exd5 7. Bb5+ c6 8. Bd3
Nbd7 9. O-O Bd6 10. e4 dxe4 11. Nxe4 Nxe4 12. Bxe4 O-O 13. Bg5 Be7 14. Bxe7
Qxe7 15. Re1 Qd6 16. Ne5 Nf6 17. Bf3 Rfd8 18. Rc1 Qxd4 19. Qxd4 Rxd4 20. Nxc6
Bxc6 1/2-1/2

[Event "CRO Champ"]
[Site "Valpovo"]
[Date "2017.04.25"]
[Round "1.3"]
[White "Saric, Ivan"]
[Black "Kovacevic, Blazimir"]
[Result "1/2-1/2"]
[WhiteElo "2609"]
[BlackElo "2483"]
[PlyCount "120"]
[EventDate "2017.??.??"]

1. e4 e6 2. d4 d5 3. Nc3 Bb4 4. e5 c5 5. a3 Bxc3+ 6. bxc3 Qc7 7. Qg4 f6 8. Nf3
c4 9. h4 Nc6 10. h5 fxe5 11. h6 g6 12. Nxe5 Nxe5 13. Qf4 Ne7 14. Qxe5 Qxe5+ 15.
dxe5 Rf8 16. a4 Nc6 17. f4 b6 18. g3 Bd7 19. Ba3 Rf7 20. Bh3 O-O-O 21. O-O Kb7
22. g4 Ne7 23. a5 Ng8 24. axb6 axb6 25. Bc1 Ra8 26. Rxa8 Kxa8 27. Be3 Bc8 28.
Kh2 Re7 29. Bxb6 Nxh6 30. Ra1+ Kb8 31. Bc5 Re8 32. Kg3 Nf7 33. Bg2 Bb7 34. Rh1
h6 35. Bd4 Kc7 36. Bh3 Bc6 37. Ra1 Ra8 38. Rxa8 Bxa8 39. f5 gxf5 40. gxf5 exf5
41. Kf4 Ng5 42. Bg2 Kd7 43. Kxf5 Ke7 44. Be3 Ne6 45. Bxh6 Bc6 46. Bc1 Kf7 47.
Bf3 Ng7+ 48. Kg5 Ne6+ 49. Kh6 Nc5 50. Be3 Ne4 51. Bg4 Ba4 52. Bg5 Nc5 53. Bh5+
Ke6 54. Bf6 Bxc2 55. Kg7 Be4 56. Bf7+ Kf5 57. Bg8 Nd7 58. Bh7+ Ke6 59. Bg8+ Kf5
60. Bh7+ Ke6 1/2-1/2

[Event "CRO Champ"]
[Site "Valpovo"]
[Date "2017.04.25"]
[Round "1.4"]
[White "Jovanovic, Zoran"]
[Black "Brkic, Ante"]
[Result "1/2-1/2"]
[WhiteElo "2533"]
[BlackElo "2552"]
[PlyCount "21"]
[EventDate "2017.??.??"]

1. e4 c5 2. Nc3 d6 3. d4 cxd4 4. Qxd4 Nc6 5. Bb5 Bd7 6. Qd3 g6 7. Nf3 Bg7 8.
O-O Nf6 9. Nd5 O-O 10. Bd2 Rc8 11. c4 1/2-1/2

[Event "CRO Champ"]
[Site "Valpovo"]
[Date "2017.04.28"]
[Round "2.1"]
[White "Martinovic, Sasa"]
[Black "Saric, Ante"]
[Result "1-0"]
[WhiteElo "2551"]
[BlackElo "2544"]
[PlyCount "85"]
[EventDate "2017.??.??"]
[WhiteClock "1:30:00"]
[BlackClock "1:30:00"]

1. d4 e6 2. c4 Nf6 3. Nc3 Bb4 4. e3 O-O 5. Bd3 d5 6. cxd5 exd5 7. Nge2 Re8 8.
Bd2 Bf8 9. O-O b6 10. Nf4 c5 11. Qf3 Bb7 12. Rac1 Bd6 13. Rfd1 Bxf4 14. Qxf4 c4
15. Bc2 a6 16. f3 b5 17. a3 Nc6 18. g4 Ne7 19. Ne2 a5 20. Kf2 Qb6 21. h4 b4 22.
Rh1 Ba6 23. h5 Nd7 24. g5 Nf8 25. Rcg1 c3 26. bxc3 Bxe2 27. Kxe2 bxc3 28. Bc1
Ne6 29. Qg4 Nc6 30. Kf1 Ncxd4 31. exd4 Nxd4 32. Bd3 Nc2 33. Qf5 g6 34. hxg6
hxg6 35. Qh3 Re1+ 36. Kg2 Rxg1+ 37. Rxg1 Ne3+ 38. Kg3 Nf5+ 39. Kg2 Ne3+ 40. Kh2
Re8 41. Rh1 Qd4 42. Kg3 Re6 43. Bxe3 1-0

[Event "CRO Champ"]
[Site "Valpovo"]
[Date "2017.04.26"]
[Round "2.1"]
[White "Martinovic, Sasa"]
[Black "Stevic, Hrvoje"]
[Result "1/2-1/2"]
[WhiteElo "2551"]
[BlackElo "2601"]
[PlyCount "131"]
[EventDate "2017.??.??"]

1. c4 d5 2. d4 dxc4 3. Nf3 a6 4. e3 b5 5. a4 Bb7 6. b3 e6 7. bxc4 bxc4 8. Bxc4
c5 9. O-O Nf6 10. Nbd2 cxd4 11. Nxd4 Bd6 12. Qb3 Qc7 13. Rb1 Ra7 14. Ba3 Bxa3
15. Qxa3 Qe7 16. Qb2 Nbd7 17. Bxa6 Bxa6 18. Nc6 Qd6 19. Nxa7 Bxf1 20. Rxf1 O-O
21. Nb5 Qa6 22. Ra1 Rc8 23. h3 h6 24. Nd4 Rb8 25. Qa3 Nd5 26. a5 Ne5 27. Ne4
Rb4 28. Qc1 Rc4 29. Qb1 Nd3 30. Qb8+ Rc8 31. Qd6 N3b4 32. Qd7 Rc7 33. Qe8+ Kh7
34. Qb5 Rb7 35. Qa4 Rc7 36. Qb5 Rb7 37. Qa4 Rc7 38. Qb3 Kg8 39. g3 Qc8 40. Kh2
Na6 41. Qb5 Ndb4 42. Rd1 Qa8 43. Qe5 Qd5 44. Qxd5 Nxd5 45. Rb1 Ndb4 46. Kg2 Kf8
47. g4 Ke7 48. f4 g6 49. Kf3 f5 50. Nf2 Rc5 51. Ra1 e5 52. fxe5 Rxe5 53. gxf5
gxf5 54. Kf4 Kf6 55. e4 Nd3+ 56. Nxd3 Rxe4+ 57. Kf3 Rxd4 58. Nf4 Ke5 59. Ng6+
Kf6 60. Nf4 Ke5 61. Re1+ Re4 62. Re3 Nb4 63. Ng6+ Kf6 64. Nf4 Ke5 65. Ng6+ Kf6
66. Nf4 1/2-1/2

[Event "CRO Champ"]
[Site "Valpovo"]
[Date "2017.04.26"]
[Round "2.2"]
[White "Saric, Ante"]
[Black "Kozul, Zdenko"]
[Result "0-1"]
[WhiteElo "2544"]
[BlackElo "2631"]
[PlyCount "176"]
[EventDate "2017.??.??"]

1. d4 Nf6 2. c4 g6 3. Nc3 Bg7 4. e4 d6 5. Nf3 O-O 6. Be2 c6 7. O-O e5 8. Re1
Qc7 9. Bf1 Bg4 10. Be3 Nbd7 11. Be2 a5 12. Qc2 Nh5 13. Rad1 Bxf3 14. Bxf3 exd4
15. Bxd4 Bxd4 16. Rxd4 Nf4 17. Qd2 Ne6 18. Rxd6 Ne5 19. Be2 a4 20. Rd1 Rfd8 21.
g3 Qa5 22. Kg2 Rxd6 23. Qxd6 Rd8 24. Qa3 Rxd1 25. Bxd1 Qb6 26. Be2 h5 27. Nxa4
Qa7 28. Qd6 Qxa4 29. Qxe5 Qc2 30. Bf3 Qxc4 31. Qb8+ Kg7 32. Qxb7 Nd4 33. Qe7
Nc2 34. Qe5+ Kh7 35. Qa5 Nd4 36. Qc3 Qa4 37. h4 Nxf3 38. Kxf3 Qxa2 39. Ke3 Qa7+
40. Qd4 Qa5 41. b4 Qa3+ 42. Kf4 Qa2 43. Kg5 Qe6 44. f3 Qb3 45. Qf6 Qe3+ 46. Qf4
Qb3 47. g4 hxg4 48. fxg4 Qe6 49. h5 c5 50. bxc5 Qe7+ 51. Qf6 Qxc5+ 52. Kh4 g5+
53. Kh3 Qe3+ 54. Kh2 Qe2+ 55. Kg3 Qe1+ 56. Qf2 Qc3+ 57. Qf3 Qe5+ 58. Kh3 Kh6
59. Qe3 Kh7 60. Kg2 Kh6 61. Kf3 Qf6+ 62. Ke2 Qb2+ 63. Qd2 Qe5 64. Kf3 Qf6+ 65.
Kg2 Qe5 66. Qd3 Qf4 67. Qf3 Qe5 68. Qe3 Kh7 69. Qd3 Kh6 70. Qd5 Qb2+ 71. Kf3
Qc3+ 72. Ke2 Qc2+ 73. Ke3 Qc3+ 74. Qd3 Qe1+ 75. Qe2 Qc3+ 76. Kf2 Qf6+ 77. Kg2
Qe5 78. Qa6+ Kg7 79. Qc6 Qb2+ 80. Kf3 Qb3+ 81. Kf2 Qb2+ 82. Ke3 Qb3+ 83. Kd4
Qd1+ 84. Ke5 Qxg4 85. Qf6+ Kg8 86. h6 Qe6+ 87. Qxe6 fxe6 88. Kf6 g4 0-1

[Event "CRO Champ"]
[Site "Valpovo"]
[Date "2017.04.28"]
[Round "2.2"]
[White "Brkic, Ante"]
[Black "Stevic, Hrvoje"]
[Result "1/2-1/2"]
[WhiteElo "2552"]
[BlackElo "2601"]
[PlyCount "52"]
[EventDate "2017.??.??"]
[WhiteClock "1:30:00"]
[BlackClock "1:30:00"]

1. e4 e5 2. Nf3 Nc6 3. Bb5 a6 4. Ba4 Nf6 5. O-O b5 6. Bb3 Bc5 7. a4 Rb8 8. c3
d6 9. d4 Bb6 10. axb5 axb5 11. Na3 O-O 12. Nxb5 Bg4 13. d5 Ne7 14. Bc2 Qe8 15.
c4 Nxe4 16. Bxe4 f5 17. Bd3 e4 18. Be2 exf3 19. Bxf3 Ng6 20. Ra3 Bxf3 21. Rxf3
Ne5 22. Rh3 Nxc4 23. Nxc7 Bxc7 24. Rc3 Nxb2 25. Bxb2 Rxb2 26. Rxc7 Re2 1/2-1/2

[Event "CRO Champ"]
[Site "Valpovo"]
[Date "2017.04.28"]
[Round "2.3"]
[White "Kovacevic, Blazimir"]
[Black "Kozul, Zdenko"]
[Result "1-0"]
[WhiteElo "2483"]
[BlackElo "2631"]
[PlyCount "109"]
[EventDate "2017.??.??"]
[WhiteClock "1:30:00"]
[BlackClock "1:30:00"]

1. d4 Nf6 2. Bg5 Ne4 3. Bf4 d6 4. Nd2 Nxd2 5. Qxd2 Nd7 6. O-O-O e6 7. e4 Be7 8.
Nf3 a6 9. e5 d5 10. h4 b5 11. Bg5 b4 12. Rh3 h6 13. Bxe7 Qxe7 14. Rg3 g6 15.
Bd3 Bb7 16. Kb1 a5 17. h5 g5 18. Nh2 O-O-O 19. f4 Rdg8 20. f5 c5 21. Qf2 Kb8
22. Ng4 cxd4 23. Qxd4 Nc5 24. fxe6 fxe6 25. Rf3 Rc8 26. Rdf1 Qc7 27. Rf7 Qc6
28. Bg6 Ka8 29. Nf6 Rhd8 30. Rc1 Qb5 31. Re7 Na4 32. Bd3 Qc5 33. Qxc5 Nxc5 34.
Bg6 d4 35. g3 a4 36. Rd1 a3 37. b3 Ba6 38. Ne4 d3 39. Nd6 dxc2+ 40. Bxc2 Rc6
41. Bg6 Be2 42. Rc1 Bf3 43. Rc4 Na6 44. Rxc6 Bxc6 45. Rxe6 Nc7 46. Rf6 Nd5 47.
Rf2 Nc3+ 48. Kc1 Kb8 49. Bf7 Kc7 50. Rc2 Kb6 51. Rxc3 bxc3 52. Kc2 Kc5 53. Kxc3
Bd5 54. Be8 Be6 55. Nb7+ 1-0

[Event "CRO Champ"]
[Site "Valpovo"]
[Date "2017.04.26"]
[Round "2.3"]
[White "Brkic, Ante"]
[Black "Bosiocic, Marin"]
[Result "1/2-1/2"]
[WhiteElo "2552"]
[BlackElo "2610"]
[PlyCount "39"]
[EventDate "2017.??.??"]

1. e4 e5 2. Nf3 Nc6 3. Bb5 Nge7 4. d4 exd4 5. Nxd4 g6 6. Nc3 Bg7 7. Be3 O-O 8.
O-O d5 9. Nxd5 Nxd5 10. exd5 Nxd4 11. Bxd4 Qxd5 12. Bxg7 Qxd1 13. Raxd1 Kxg7
14. Bd7 Rd8 15. Bxc8 Raxc8 16. f4 Kf6 17. Kf2 Re8 18. Rd4 Rcd8 19. Rfd1 Rxd4
20. Rxd4 1/2-1/2

[Event "CRO Champ"]
[Site "Valpovo"]
[Date "2017.04.26"]
[Round "2.4"]
[White "Kovacevic, Blazimir"]
[Black "Jovanovic, Zoran"]
[Result "1/2-1/2"]
[WhiteElo "2483"]
[BlackElo "2533"]
[PlyCount "163"]
[EventDate "2017.??.??"]

1. d4 d6 2. Nf3 g6 3. e4 Nf6 4. Bd3 Bg7 5. O-O O-O 6. Re1 Nc6 7. c3 e5 8. Na3
h6 9. h3 exd4 10. cxd4 Nb4 11. Bb1 Re8 12. Nb5 Bd7 13. Nc3 a5 14. Bf4 Nh7 15.
Qd2 h5 16. a3 Nc6 17. Ba2 a4 18. Nd5 Ne7 19. Nc3 Nc6 20. Rac1 Na5 21. Qd3 Bc6
22. d5 Bd7 23. Nd4 Rc8 24. Ndb5 Nb3 25. Bxb3 axb3 26. Nd4 c5 27. Ndb5 Bxb5 28.
Qxb5 Bd4 29. Qxb3 Qf6 30. Be3 Bxc3 31. Rxc3 Rxe4 32. Qxb7 Rce8 33. Rd1 Qe5 34.
Rb3 Nf6 35. Qc6 Kg7 36. Kh1 Rc4 37. Rb7 Ne4 38. Qd7 Rf8 39. Qe7 Qxe7 40. Rxe7
Rb8 41. b4 cxb4 42. Rd4 Rxd4 43. Bxd4+ Nf6 44. Rd7 b3 45. Rxd6 b2 46. Bxf6+ Kf8
47. Bxb2 Rxb2 48. Kg1 Rb5 49. Rc6 Rxd5 50. Rc1 Ke7 51. Kf1 Ra5 52. Rc3 Rb5 53.
Re3+ Kd6 54. Rd3+ Ke5 55. Ke2 Rb1 56. Rd1 Rb3 57. Rd3 Rb1 58. Re3+ Kd5 59. Rf3
f5 60. Kd3 h4 61. g3 Rb3+ 62. Ke2 Rb2+ 63. Kf1 hxg3 64. Rxg3 Ra2 65. Kg2 Ke5
66. Rb3 Kf4 67. Rb4+ Kg5 68. Ra4 Ra1 69. Ra8 Kf4 70. Ra4+ Kg5 71. Kf3 Rc1 72.
Ra8 Rc3+ 73. Kg2 Kf4 74. Ra4+ Kg5 75. Ra6 Rb3 76. a4 Ra3 77. a5 Ra2 78. Kg3
Ra3+ 79. Kg2 Ra2 80. Ra8 Kf4 81. h4 Kg4 82. Rg8 1/2-1/2

[Event "CRO Champ"]
[Site "Valpovo"]
[Date "2017.04.28"]
[Round "2.5"]
[White "Jovanic, Ognjen"]
[Black "Jovanovic, Zoran"]
[Result "1/2-1/2"]
[WhiteElo "2492"]
[BlackElo "2533"]
[PlyCount "27"]
[EventDate "2017.??.??"]
[WhiteClock "1:30:00"]
[BlackClock "1:30:00"]

1. d4 Nf6 2. Nf3 g6 3. Bf4 Bg7 4. e3 d6 5. h3 O-O 6. Be2 c5 7. c3 Qb6 8. Qb3
Be6 9. Qxb6 axb6 10. a3 Bd5 11. Nbd2 Bc6 12. O-O Nbd7 13. Bh2 Ne4 14. Nxe4
1/2-1/2

[Event "CRO Champ"]
[Site "Valpovo"]
[Date "2017.04.26"]
[Round "2.6"]
[White "Jovanic, Ognjen"]
[Black "Zelcic, Robert"]
[Result "1/2-1/2"]
[WhiteElo "2492"]
[BlackElo "2500"]
[PlyCount "89"]
[EventDate "2017.??.??"]

1. d4 d5 2. Bf4 c5 3. e3 Nc6 4. Nf3 Nf6 5. Nbd2 Qb6 6. dxc5 Qxc5 7. c4 d4 8. b4
Qf5 9. b5 dxe3 10. Bxe3 Nb4 11. Nd4 Nd3+ 12. Bxd3 Qxd3 13. Qe2 Qxe2+ 14. Kxe2
e5 15. N4b3 Be6 16. f3 Bb4 17. Bc5 Bxd2 18. Nxd2 b6 19. Bb4 O-O-O 20. Rhc1 Kb7
21. a4 e4 22. fxe4 Rhe8 23. Ra3 Bg4+ 24. Kf2 Nxe4+ 25. Nxe4 Rxe4 26. Re3 Rdd4
27. Rxe4 Rxe4 28. Bf8 Be6 29. Bxg7 Bxc4 30. Re1 Re6 31. Re3 a5 32. bxa6+ Kxa6
33. Bc3 Rc6 34. Rf3 Bd5 35. Rh3 Rc4 36. Bd2 Be4 37. Ra3 Rc2 38. Ke3 Bxg2 39. a5
b5 40. Rc3 Rb2 41. Rc7 Rb3+ 42. Kd4 Rf3 43. Rc6+ Ka7 44. Rb6 Rh3 45. Rxb5
1/2-1/2

[Event "CRO Champ"]
[Site "Valpovo"]
[Date "2017.04.28"]
[Round "2.6"]
[White "Zelcic, Robert"]
[Black "Saric, Ivan"]
[Result "0-1"]
[WhiteElo "2500"]
[BlackElo "2609"]
[PlyCount "78"]
[EventDate "2017.??.??"]
[WhiteClock "1:30:00"]
[BlackClock "1:30:00"]

1. e4 c5 2. Nf3 d6 3. d4 cxd4 4. Qxd4 Nf6 5. Nc3 a6 6. e5 Nc6 7. Qa4 Ng4 8. Bb5
Ngxe5 9. Nxe5 dxe5 10. Bxc6+ bxc6 11. Be3 e6 12. Bc5 Qc7 13. Bxf8 Rxf8 14.
O-O-O f5 15. Rd2 Kf7 16. Rhd1 Kg8 17. Rd6 c5 18. Qh4 h6 19. Na4 Kh7 20. Nb6 Rb8
21. Nxc8 Qxc8 22. Rd7 Rg8 23. Qg3 Rb7 24. R7d6 e4 25. Qa3 c4 26. g3 Qc7 27.
Qxa6 c3 28. Rc6 cxb2+ 29. Kb1 Qf7 30. Qc4 Qh5 31. Rcd6 Re8 32. h4 Qf3 33. Qc6
Ree7 34. Qc5 Rec7 35. Qd4 Qe2 36. Qd2 Qc4 37. Rd4 Qa6 38. Rd6 Qa3 39. Qe3 Rc3
0-1

[Event "CRO Champ"]
[Site "Valpovo"]
[Date "2017.04.27"]
[Round "3.2"]
[White "Saric, Ivan"]
[Black "Jovanic, Ognjen"]
[Result "1-0"]
[WhiteElo "2609"]
[BlackElo "2492"]
[PlyCount "91"]
[EventDate "2017.??.??"]

1. c4 e6 2. g3 d5 3. Bg2 Nf6 4. Nf3 dxc4 5. O-O a6 6. Qc2 b5 7. Ne5 Nd5 8. d3
cxd3 9. Nxd3 Bb7 10. Rd1 Qc8 11. a4 Nd7 12. e4 Nb4 13. Nxb4 Bxb4 14. axb5 axb5
15. Rxa8 Bxa8 16. Qd3 c5 17. Nc3 Ne5 18. Qxb5+ Bc6 19. Qe2 O-O 20. Bf4 Bxc3 21.
bxc3 Qc7 22. Qd2 Ba8 23. h4 h6 24. h5 Rc8 25. Qa2 Kf8 26. Qa6 Bb7 27. Qa7 f6
28. Bxe5 fxe5 29. Rb1 Bc6 30. Qxc5+ Kf7 31. Qe3 Be8 32. Rc1 Qc5 33. Qf3+ Ke7
34. Bh3 Rc6 35. Rb1 Qxc3 36. Rb7+ Bd7 37. Qg4 Qc1+ 38. Bf1 Qg5 39. Qxg5+ hxg5
40. Bb5 Rd6 41. Kg2 g4 42. Rxd7+ Rxd7 43. Bxd7 Kxd7 44. f3 gxf3+ 45. Kxf3 Ke7
46. Kg4 1-0

[Event "CRO Champ"]
[Site "Valpovo"]
[Date "2017.04.27"]
[Round "3.3"]
[White "Jovanovic, Zoran"]
[Black "Palac, Mladen"]
[Result "1/2-1/2"]
[WhiteElo "2533"]
[BlackElo "2573"]
[PlyCount "29"]
[EventDate "2017.??.??"]

1. e4 e5 2. Nf3 Nc6 3. Bb5 a6 4. Ba4 Nf6 5. Nc3 b5 6. Bb3 Be7 7. d3 d6 8. a3
O-O 9. O-O Na5 10. Ba2 Be6 11. Nd5 Nxd5 12. exd5 Bg4 13. b4 Nb7 14. Re1 f5 15.
Bb2 1/2-1/2

[Event "CRO Champ"]
[Site "Valpovo"]
[Date "2017.04.27"]
[Round "3.4"]
[White "Bosiocic, Marin"]
[Black "Kovacevic, Blazimir"]
[Result "1-0"]
[WhiteElo "2610"]
[BlackElo "2483"]
[PlyCount "89"]
[EventDate "2017.??.??"]

1. e4 e6 2. d4 d5 3. Nc3 dxe4 4. Nxe4 Nd7 5. Nf3 Ngf6 6. Nxf6+ Nxf6 7. Bg5 h6
8. Be3 Bd6 9. Bd3 b6 10. Ne5 Bb7 11. Bb5+ Kf8 12. Qe2 a6 13. Bd3 c5 14. O-O-O
Qc7 15. f4 Nd5 16. Rhf1 Nxe3 17. Qxe3 cxd4 18. Qxd4 Bc5 19. Nd7+ Ke7 20. Nxc5
Qxc5 21. Qxc5+ bxc5 22. Rf2 Rhd8 23. Re1 Rd6 24. f5 Rad8 25. b3 f6 26. fxe6
Rxe6 27. Rxe6+ Kxe6 28. Re2+ Kd6 29. Kb2 Rd7 30. g3 a5 31. Bb5 Bc6 32. Rd2+ Kc7
33. Rxd7+ Kxd7 34. Bxc6+ Kxc6 35. g4 Kd5 36. c3 g5 37. a3 f5 38. gxf5 h5 39. b4
cxb4 40. cxb4 axb4 41. a4 g4 42. a5 h4 43. a6 Kc6 44. a7 Kb7 45. f6 1-0

[Event "CRO Champ"]
[Site "Valpovo"]
[Date "2017.04.27"]
[Round "3.5"]
[White "Kozul, Zdenko"]
[Black "Brkic, Ante"]
[Result "1/2-1/2"]
[WhiteElo "2631"]
[BlackElo "2552"]
[PlyCount "81"]
[EventDate "2017.??.??"]

1. d4 Nf6 2. c4 e6 3. g3 Bb4+ 4. Bd2 Be7 5. Bg2 d5 6. Nf3 c6 7. O-O Nbd7 8. Na3
O-O 9. Rc1 Ne4 10. Be3 b6 11. cxd5 cxd5 12. Nb5 Bb7 13. Ne5 a6 14. Nc3 Nxe5 15.
dxe5 Nc5 16. f4 Rc8 17. Bd4 b5 18. a3 Qd7 19. b4 Ne4 20. Nxe4 dxe4 21. Be3 Bd5
22. Qd4 Qb7 23. Qb6 Qxb6 24. Bxb6 f5 25. Rfd1 Rxc1 26. Rxc1 Rb8 27. Ba5 Bd8 28.
Bxd8 Rxd8 29. Kf1 a5 30. bxa5 Ra8 31. Rc3 Rxa5 32. Kf2 Ra4 33. e3 b4 34. axb4
Rxb4 35. Bf1 Rb2+ 36. Be2 Kf7 37. Rc7+ Kf8 38. h4 h5 39. Ke1 g6 40. Ra7 Rb1+
41. Kf2 1/2-1/2

[Event "CRO Champ"]
[Site "Valpovo"]
[Date "2017.04.27"]
[Round "3.6"]
[White "Stevic, Hrvoje"]
[Black "Saric, Ante"]
[Result "1/2-1/2"]
[WhiteElo "2601"]
[BlackElo "2544"]
[PlyCount "37"]
[EventDate "2017.??.??"]

1. e4 e6 2. d4 d5 3. Nd2 c5 4. Ngf3 cxd4 5. Nxd4 Nc6 6. Bb5 Bd7 7. Nxc6 Bxc6 8.
Bxc6+ bxc6 9. c4 Nf6 10. Qa4 Qc7 11. exd5 exd5 12. O-O Be7 13. cxd5 Nxd5 14.
Nf3 O-O 15. Bd2 Bf6 16. Rac1 Bxb2 17. Rxc6 Qd7 18. Rc4 Qxa4 19. Rxa4 1/2-1/2

[Event "CRO Champ"]
[Site "Valpovo"]
[Date "2017.04.29"]
[Round "5.2"]
[White "Jovanovic, Zoran"]
[Black "Zelcic, Robert"]
[Result "0-1"]
[WhiteElo "2533"]
[BlackElo "2500"]
[PlyCount "126"]
[EventDate "2017.??.??"]
[WhiteClock "0:01:59"]
[BlackClock "1:30:00"]

1. e4 c6 2. d4 d5 3. e5 Bf5 4. h4 h6 5. g4 Be4 6. f3 Bh7 7. e6 Qd6 8. exf7+
Kxf7 9. Bd3 e5 10. Bxh7 Rxh7 11. Ne2 Nd7 12. Nbc3 Re8 13. Qd3 Ngf6 14. Be3 exd4
15. Bxd4 Ne5 16. Bxe5 Qxe5 17. O-O-O Qe3+ 18. Qxe3 Rxe3 19. Rdf1 Bb4 20. a3 Ba5
21. Kd2 Re7 22. Nd4 Rh8 23. b4 Bc7 24. Nf5 Re6 25. Re1 Rhe8 26. Rxe6 Rxe6 27.
Ne2 Nd7 28. Ned4 Re8 29. Re1 Bf4+ 30. Kd1 Rxe1+ 31. Kxe1 g6 32. Ne2 gxf5 33.
Nxf4 Ne5 34. Ke2 fxg4 35. fxg4 Nxg4 36. Nd3 Kf6 37. a4 Ne5 38. Nc5 b6 39. Nb3
h5 40. Nd4 c5 41. bxc5 bxc5 42. Nb3 Nd7 43. Na5 Kf5 44. Nc6 a6 45. a5 Ke4 46.
Nd8 Ke5 47. Kd3 Kf5 48. Ke2 d4 49. Kd3 Ne5+ 50. Ke2 c4 51. Nb7 Kg4 52. Nc5 Kxh4
53. Nxa6 Nc6 54. Nc5 Nxa5 55. Kf3 d3 56. cxd3 Nb3 57. Ne4 cxd3 58. Nf2 d2 59.
Nd1 Kg5 60. Nf2 Kf5 61. Kg3 Nc5 62. Kh4 Kf4 63. Nd1 Na4 0-1

[Event "CRO Champ"]
[Site "Valpovo"]
[Date "2017.04.29"]
[Round "5.4"]
[White "Kozul, Zdenko"]
[Black "Palac, Mladen"]
[Result "1/2-1/2"]
[WhiteElo "2631"]
[BlackElo "2573"]
[PlyCount "21"]
[EventDate "2017.??.??"]
[WhiteClock "1:30:00"]
[BlackClock "1:30:00"]

1. d4 Nf6 2. c4 e6 3. Nf3 d5 4. g3 Bb4+ 5. Bd2 Be7 6. Bg2 c6 7. Qc2 b6 8. O-O
Nbd7 9. Rd1 Ba6 10. b3 Rc8 11. a4 1/2-1/2

[Event "CRO Champ"]
[Site "Valpovo"]
[Date "2017.04.29"]
[Round "5.5"]
[White "Stevic, Hrvoje"]
[Black "Kovacevic, Blazimir"]
[Result "1-0"]
[WhiteElo "2601"]
[BlackElo "2483"]
[PlyCount "99"]
[EventDate "2017.??.??"]
[WhiteClock "1:27:00"]
[BlackClock "0:01:00"]

1. e4 e6 2. d4 d5 3. e5 c5 4. c3 Nc6 5. Nf3 Bd7 6. Be2 Rc8 7. O-O a6 8. b3 Nge7
9. dxc5 Ng6 10. b4 Ngxe5 11. Nxe5 Nxe5 12. f4 Nc6 13. Be3 g6 14. a4 Bg7 15. b5
Na5 16. bxa6 bxa6 17. Bxa6 Rb8 18. Qc2 O-O 19. Nd2 Bc6 20. Nf3 Nb3 21. Ra2 d4
22. Nxd4 Bd5 23. c6 Qa5 24. Bb7 Nc5 25. c4 Be4 26. Qd2 Nxb7 27. cxb7 Qa6 28.
Nb5 Rfd8 29. Qb4 Bxb7 30. Qc5 Rbc8 31. Qb6 Rd3 32. Rc1 Qa8 33. Qa7 Qxa7 34.
Bxa7 Bc6 35. Bb6 Rb3 36. Na7 Ra8 37. a5 Be4 38. Rd2 f5 39. c5 Bh6 40. g3 e5 41.
c6 exf4 42. c7 fxg3 43. Rd8+ Kf7 44. Rxa8 Bxc1 45. Rf8+ Kg7 46. Bd4+ Kh6 47.
hxg3 Bb7 48. Rb8 Rxg3+ 49. Kf2 Rg2+ 50. Kf1 1-0

[Event "CRO Champ"]
[Site "Valpovo"]
[Date "2017.04.29"]
[Round "5.6"]
[White "Saric, Ante"]
[Black "Brkic, Ante"]
[Result "1/2-1/2"]
[WhiteElo "2544"]
[BlackElo "2552"]
[PlyCount "39"]
[EventDate "2017.??.??"]
[WhiteClock "1:29:00"]
[BlackClock "1:30:00"]

1. Nf3 Nf6 2. g3 g6 3. Bg2 Bg7 4. c4 c6 5. O-O O-O 6. d4 d5 7. cxd5 cxd5 8. Nc3
Nc6 9. Ne5 e6 10. Bf4 Bd7 11. Rc1 Nxe5 12. Bxe5 Bc6 13. Qd2 Ne8 14. Bxg7 Kxg7
15. Rc2 Nd6 16. b3 Rc8 17. Rfc1 Qb6 18. e3 Bd7 19. Ne2 Rxc2 20. Rxc2 1/2-1/2

[Event "CRO Champ"]
[Site "Valpovo"]
[Date "2017.04.30"]
[Round "6.1"]
[White "Martinovic, Sasa"]
[Black "Brkic, Ante"]
[Result "1/2-1/2"]
[WhiteElo "2551"]
[BlackElo "2552"]
[PlyCount "43"]
[EventDate "2017.??.??"]

1. d4 Nf6 2. c4 e6 3. Nc3 Bb4 4. Qc2 d5 5. a3 Bxc3+ 6. Qxc3 Ne4 7. Qc2 c5 8.
dxc5 Nc6 9. e3 Qa5+ 10. Bd2 Nxd2 11. Qxd2 dxc4 12. Bxc4 Qxc5 13. Rc1 Qe7 14.
Nf3 O-O 15. b4 Rd8 16. Qb2 Bd7 17. O-O Rac8 18. Rfd1 Be8 19. Bb3 Rxd1+ 20. Rxd1
Rd8 21. Rxd8 Qxd8 22. Qc3 1/2-1/2

[Event "CRO Champ"]
[Site "Valpovo"]
[Date "2017.04.30"]
[Round "6.3"]
[White "Palac, Mladen"]
[Black "Stevic, Hrvoje"]
[Result "1/2-1/2"]
[WhiteElo "2573"]
[BlackElo "2601"]
[PlyCount "21"]
[EventDate "2017.??.??"]

1. d4 d5 2. Bf4 Bf5 3. e3 e6 4. c4 Nc6 5. Nc3 Nf6 6. Nf3 Bb4 7. Bd3 dxc4 8.
Bxc4 Nd5 9. Bxd5 exd5 10. Rc1 O-O 11. O-O 1/2-1/2

[Event "CRO Champ"]
[Site "Valpovo"]
[Date "2017.04.30"]
[Round "6.4"]
[White "Jovanic, Ognjen"]
[Black "Kozul, Zdenko"]
[Result "1-0"]
[WhiteElo "2492"]
[BlackElo "2631"]
[PlyCount "127"]
[EventDate "2017.??.??"]

1. d4 Nf6 2. c3 d6 3. Nf3 Nbd7 4. Nbd2 e5 5. e4 Be7 6. Bd3 O-O 7. O-O a6 8. a4
b6 9. Re1 Bb7 10. Qc2 h6 11. Nf1 exd4 12. cxd4 d5 13. e5 Ne4 14. Ng3 Nxg3 15.
hxg3 Bb4 16. Re2 Re8 17. g4 g5 18. Qb3 a5 19. Bd2 c5 20. Bb5 c4 21. Qc2 Re6 22.
Qf5 Nf8 23. Bc3 Bxc3 24. bxc3 Bc8 25. Qc2 Ra7 26. g3 h5 27. Nh2 Rh6 28. gxh5
Rxh5 29. f3 Rh3 30. Nf1 f5 31. Rh2 Rxh2 32. Qxh2 Rh7 33. Qd2 Ng6 34. Ra2 f4 35.
g4 Be6 36. Qd1 Qf8 37. Qb1 Kg7 38. Bc6 Rh3 39. Nh2 Rg3+ 40. Kh1 Qh8 41. Qxb6
Kf7 42. Rf2 Ne7 43. Qb7 Rh3 44. Qb5 Qh4 45. Be8+ Kg7 46. Qb2 Qh7 47. Bh5 Qd3
48. Qc2 Bd7 49. Qxd3 cxd3 50. Rd2 Bxa4 51. Rxd3 Bb3 52. Rd2 Rg3 53. Rf2 Ng6 54.
Nf1 Nh4 55. Nxg3 fxg3 56. Rb2 a4 57. Be8 Bd1 58. Kg1 Bxf3 59. Bxa4 Bxg4 60. Bc6
Bf3 61. Rb7+ Kh6 62. e6 Ng6 63. e7 Nf4 64. Rb2 1-0